00837 a2200181 45000010006000000050017000060080041000230030015000640400040000790800073001192450027001920200018002192640041002373000017002785050326002950410008006211000026006294130020260407155707.0260407a1982 arg spa dAR-UNSa-BCEJYS aAR-UNSa-BCEJYSbspacAR-UNSa-BCEJYS a347.91xProcedimientos civiles particulares (Derecho Procesal Civil)10aDerecho procesal civil a950-20-0075-7 1aBuenos Aires :bAbeledo Perrotc1982 a9 v.c23 cm. aVol.1: Nociones generales - Vol.2 y 3: Sujetos del proceso - Vol.4 y 5: Actos procesales - Vol.6: Procesos de conocimiento (plenarios) - Vol.7: Procesos de conocimiento (sumarios) y de ejecución - Vol.8: Procesos cautelares y voluntarios - Vol.9: Procesos arbitrales y universales ; índices generales de toda la obra. aspa1 aPalacio, Lino Enrique